Meilleur attaque spe 4g - Statistiques

Statistiques générales
  • Ce quiz a été pris 9 fois
  • Le résultat moyen est 26 sur 29
Statistiques - réponses
Hint Réponse % Correct
120 arceus
100%
105 crefollet
100%
135 darkrai
100%
150 dialga
100%
100 giratina alternative
100%
120 giratina origin
100%
130 heatran
100%
115 lucario
100%
125 maganon
100%
130 magnezone
100%
100 manaphy
100%
132 mega blizzaroi
100%
140 mega lucario
100%
105 motisma
100%
150 palkia
100%
111 pingoleon
100%
125 roserade
100%
100 shaymin
100%
120 shaymin celeste
100%
104 simiabraz
100%
116 yanmega
100%
110 bouldeneu
67%
125 crefadet
67%
130 givrali
67%
105 magireve
67%
120 mega carchacrok
67%
135 porygon z
67%
120 togekiss
67%
105 corboss
33%
Aucun quiz correspondant
Distribution des résultats
% des personnes avec chaque résultat
Percentile par nombre de réponses
Votre historique - résultats
Vous n’avez pas pris ce quiz